Famous Landmarks Described in Emojis - Statistics

General Stats
  • This quiz has been taken 42 times
  • The average score is 4 of 10
Answer Stats
Hint Answer % Correct
πŸ—ΌπŸ‡«πŸ‡· Eiffel Tower
100%
πŸŒ‰πŸŒπŸ‡ΊπŸ‡Έ Golden Gate Bridge
63%
πŸ—ΏπŸŒŠ Moai Statues
63%
πŸŸοΈβš½πŸ‡¬πŸ‡§ Wembley Stadium
47%
πŸ•ŒπŸŒ™πŸ‡ΉπŸ‡· Hagia Sophia
42%
πŸ›οΈπŸ‡¬πŸ‡· Parthenon
42%
πŸ”ΊπŸ”ΊπŸ”ΊπŸ‡ͺπŸ‡¬ Pyramids of Giza
32%
πŸ°πŸ‡©πŸ‡ͺ Neuschwanstein Castle
13%
πŸœοΈπŸœοΈπŸ‘³β€β™‚οΈπŸ« Petra
11%
β›©οΈπŸ—»πŸ‡―πŸ‡΅ Fushimi Inari Shrine
0%
No matching quizzes found
Score Distribution
Percent of People with Each Score
Percentile by Number Answered
Your Score History
You have not taken this quiz